000 00592nam a2200181 4500
001 13850
005 20230410102055.0
008 060907n1995 dr spa
020 _a8489548110
035 _9funglode13969
041 _aES
050 1 4 _a118 JL 1136 C338p 1995
100 _aCáceres Mendoza, Fran
245 1 3 _aLa participación ciudadana :
_blos procesos electorales y los ambitos de adopción de decisiones /
_cFran Cáceres Mendoza
260 _aSanto Domingo :
_bPontificia Universidad Católica Madre y Maestra,
_c1995
300 _aiv, 36 p.
942 _2lcc
_cbk
999 _c18514
_d18514